| 000 | 00854nam a22002297a 4500 | ||
|---|---|---|---|
| 999 |
_c19741 _d19741 |
||
| 003 | AR-CdUCM | ||
| 008 | 190320b ||||| |||| 00| 0 spa d | ||
| 020 | _a84-86424-79-8 | ||
| 040 |
_aMUNICIPALIDAD PROVINCIAL DEL CUSCO _cBIBLIOTECA MUNICIPAL DEL CUSCO |
||
| 082 |
_a629.2 / _bE92 |
||
| 110 |
_aMinisterio del ejercito y la fuerza aérea de los Estados Unidos de América _941288 |
||
| 245 | _aManual de automoviles y vehiculos motorizados / | ||
| 260 |
_aMéxico : _bContinental, _c1970. |
||
| 300 |
_a636 páginas ; _bIlustraciones, _c25 cm. |
||
| 505 | _aContenido : Características de los motores -- Estructura de los motores -- Sistema de alimentación de gasolina... | ||
| 650 |
_aAutomóviles _921127 |
||
| 650 |
_aMotores _941289 |
||
| 650 |
_aManuales _95970 |
||
| 650 |
_aElectromecanica _921128 |
||
| 942 |
_2ddc _cLIBROS |
||
| 945 | _arcc | ||